Online Catalogue and eLibrary

Cinematic political thought : (Record no. 419)

MARC details
000 -LEADER
fixed length control field 00832cam a2200241 a 4500
001 - CONTROL NUMBER
control field 11760669
005 - DATE AND TIME OF LATEST TRANSACTION
control field 20240216060715.0
008 - FIXED-LENGTH DATA ELEMENTS--GENERAL INFORMATION
fixed length control field 990719s1999 nyuaf b 001 0 eng
020 ## - INTERNATIONAL STANDARD BOOK NUMBER
ISBN 0814797504 (alk. paper)
020 ## - INTERNATIONAL STANDARD BOOK NUMBER
ISBN 0814797512 (pbk. : alk. paper)
040 ## - CATALOGING SOURCE (பட்டியலாக்க மூலம்)
Original cataloging agency DLC
Transcribing agency DLC
Modifying agency DLC
082 00 - DDC Classification
Class No. 320.
DDC Edition Number 21
Item Number - Author Mark CIN.
100 1# - MAIN ENTRY--PERSONAL NAME
Personal name Shapiro, Michael J.
245 10 - TITLE STATEMENT
Title Cinematic political thought :
Remainder of title narrating race, nation, and gender /
Statement of responsibility, etc. Michael J. Shapiro.
260 ## - PUBLICATION, DISTRIBUTION, ETC.
Place of publication, distribution, etc. New York :
Name of publisher, distributor, etc. New York University Press,
Date of publication, distribution, etc. 1999.
300 ## - PHYSICAL DESCRIPTION
Extent (e.g. Volumes, Pages etc.) 176, P.,
650 #0 - SUBJECT ADDED ENTRY--TOPICAL TERM
Topical term or geographic name entry element Motion pictures
650 #0 - SUBJECT ADDED ENTRY--TOPICAL TERM
Topical term or geographic name entry element Political science
856 4# - ELECTRONIC LOCATION AND ACCESS
Uniform Resource Identifier <a href="http://lcweb.loc.gov/catdir/toc/99038739.html">http://lcweb.loc.gov/catdir/toc/99038739.html</a>
856 42 - ELECTRONIC LOCATION AND ACCESS
Uniform Resource Identifier <a href="http://www.loc.gov/catdir/enhancements/fy0807/99038739-b.html">http://www.loc.gov/catdir/enhancements/fy0807/99038739-b.html</a>
856 42 - ELECTRONIC LOCATION AND ACCESS
Uniform Resource Identifier <a href="http://www.loc.gov/catdir/enhancements/fy0807/99038739-d.html">http://www.loc.gov/catdir/enhancements/fy0807/99038739-d.html</a>
942 ## - Koha item type (Biblio)
Koha item type Books in Stacks (Lending)
Holdings
Lost status Damaged status Collection code Home library Current library Date acquired Full call number Accession Number Item type
    Lending WERC Library WERC Library 02/16/2024 320. CIN. 4328 Books in Stacks (Lending)

© WERC Library